En una ciudad lineal_ (Record no. 186604)

MARC details
000 -LEADER
campo de control de longitud fija 00842nam a2200193 i 4500
001 - NÚMERO DE CONTROL
campo de control 186604
003 - IDENTIFICADOR DE NÚMERO DE CONTROL
campo de control ES-MaACL
005 - FECHA Y HORA DE LA ÚLTIMA TRANSACCIÓN
campo de control 20230906222714.0
008 - DATOS DE LONGITUD FIJA--INFORMACIÓN GENERAL
campo de control de longitud fija 161205n2010 sp |||| | spa d
080 ## - NÚMERO DE LA CLASIFICACIÓN DECIMAL UNIVERSAL
Número de la Clasificación Decimal Universal 821.134.2-32"19"(082.2)
245 00 - MENCIÓN DEL TÍTULO
Título En una ciudad lineal_
Resto del título : (relatos cortos) /
Mención de responsabilidad, etc. Delia Almira, Mª Isabel Asensio, Natalia Benítez ... [et al.] ; del taller literario "Sambara", dirigido por Luis Hernández Castellanos.
246 34 - FORMA VARIANTE DEL TITULO
Título propio/Titulo breve En una ciudad lineal... (24 relatos cortos)
260 ## - PUBLICACIÓN, DISTRIBUCIÓN, ETC.
Lugar de publicación, distribución, etc. [Madrid :
Nombre del editor, distribuidor, etc. Taller literario "Sambara",
Fecha de publicación, distribución, etc. ca. 2010]
300 ## - DESCRIPCIÓN FÍSICA
Extensión 144 p. ;
Dimensiones 21 cm.
594 ## - Nota al título y mención de responsabilidad
Nota al título y mención de responsabilidad Tomado de contracub.: Reúne 24 relatos de 7 autores, en el taller literario "Sambara", de Ciudad Lineal (Madrid)
650 #4 - PUNTO DE ACCESO ADICIONAL DE MATERIA--TÉRMINO DE MATERIA
Término de materia o nombre geográfico como elemento de entrada Cuentos españoles-
Subdivisión cronológica S.XX.
9 (RLIN) 11487
700 1# - ENTRADA AGREGADA--NOMBRE PERSONAL
Nombre de persona Castellanos, Luis H.
9 (RLIN) 36531
852 ## - LOCALIZACIÓN
Ubicación ES-MaACL
Número de control de estantería L-30988
Holdings
Estatus retirado Estado de pérdida Estado de daño No para préstamo Biblioteca de origen Biblioteca actual Ubicación en estantería Fecha de adquisición Fuente de adquisición Total de préstamos Signatura topográfica completa Código de barras Visto por última vez Precio de reemplazo Tipo de ítem Koha
        Biblioteca del Ateneo de Madrid Biblioteca del Ateneo de Madrid Depósito 2 05/12/2016     L-30988 1196783 23/02/2023 23/02/2023 Libro impreso